| 000 | 01010nam0a22002891 4500 | ||
|---|---|---|---|
| 001 | rc\4653356 | ||
| 005 | 20250611135636.0 | ||
| 021 |
_aRU _b[57-6326] |
||
| 035 | _a(NLR Aleph) 008216586 | ||
| 090 |
_a8129654 _c8129654 |
||
| 100 | _a20130416d1957 |||y0rusy50 ca | ||
| 101 | 0 | _arus | |
| 102 | _aRU | ||
| 105 | _aa z ||||| | ||
| 200 | 1 | _aРасчет рам способом перераспределения начальных значений неизвестных | |
| 205 | _a3-е изд., стер. | ||
| 210 |
_aКиев _cГостехиздат УССР _d1957 |
||
| 215 |
_a168 с. _cчерт. _d20 |
||
| 320 | _aБиблиогр. в конце книги (20 назв.) | ||
| 606 |
_aСтатически-неопределимые системы _xРасчет _2psbo |
||
| 606 |
_aРамы _xРасчет _2psbo |
||
| 700 | 1 |
_aСосис _bП.М. _gПетр Моисеевич |
|
| 801 | 0 |
_aRU _bNLR _gpsbo |
|
| 801 | 1 |
_aRU _bELAR _2rusmarc |
|
| 852 |
_aNLR _j57-3/712 |
||
| 942 | _cBOOK | ||
| 980 | _aNB | ||